Fußballweltmeister 1974 - Statistiken

Allgemein
  • Dieses Quiz wurde 121 mal gespielt
  • Das Durchschnittsergebnis liegt bei 8 aus 11
Antwortstatistiken
Nummer Spieler % Korrekt
13 Gerd Müller
98%
5 Franz Beckenbauer
94%
1 Sepp Maier
90%
3 Paul Breitner
87%
4 Georg Schwarzenbeck
73%
14 Uli Hoeneß
72%
2 Berti Vogts
68%
12 Wolfgang Overath
65%
17 Bernd Hölzenbein
54%
9 Jürgen Grabowski
53%
16 Rainer Bonhof
44%
Keine übereinstimmenden Quizze gefunden
Verteilung der Resultate
Anzahl Personen mit jedem Resultat
Perzentil nach korrekt beantworteten Fragen
Ihre Resultats-Entwicklung
Sie haben dieses Quiz noch nicht gespielt